Igó Aladár köszöntése

Podrobná bibliografia
Hlavný autor: Kovács, B. István, 1953- (Autor)
Médium: Článok
Jazyk:maďarčina
Fyzický popis:Fotogr.
ISSN:1335-6410
Predmet:

MARC

LEADER 00000nab a2200000 a 4500
001 vtls010343506
003 SK-MaSNL
005 20260318140144.0
008 120222c2011 xo qrzp 0 0hun
015 |a SNBRB2012/02  |2 rvgkpd 
038 |a RVGKPD 
040 |a RVGKPD  |b slo  |c RVGKPD  |e AACR2 
041 0 |a hun 
044 |a xo  |c SK 
080 |a 75  |x (437.6)  |2 1997 
080 |a 761.1  |x (437.6)  |2 1997 
100 1 |a Kovács, B. István,  |d 1953-  |4 aut  |9 1094710 
245 1 0 |a Igó Aladár köszöntése  |c B. Kovács István 
300 |b Fotogr. 
600 1 7 |a Igó, Aladár,  |d 1931-  |2 rvgkpd  |9 20794 
650 0 7 |a rodáci  |2 SNKPH  |9 30842 
651 7 |a Chanava (Slovensko)  |2 rvgkpd  |9 58454 
773 0 |t Gömörország  |g Évf. XII, sz. 3 (2011), o. 76-77  |x 1335-6410 
852 |a RVGKPD  |b KIS3G 
958 |a BX 
958 |a HU 
958 |a SK 
992 |a RBX 
999 |c 1815059  |d 1816989